000 01617cam a2200313 4500
001 L130797
008 050831n2005 000 0 eng u
020 _a1860817548
035 _a(Sirsi) u130797
041 0 _aeng
050 0 4 _a693.5 $2 18
110 1 _aBRE
_bconstruction division
_94852
245 0 0 _aConcrete in aggressive ground
250 _a3rd ed.
260 _aGarston
_bBRE
_c2005
300 _avi, 62p.
_c30cm.
350 _a£60.00
490 _aBRE Special Digest
_v1:2005
505 0 _aIntroduction
505 0 _aChemical attack on concrete
505 0 _aAssessing the aggressive chemical environment
505 0 _aSpecifying concrete for general cast in-situ
505 0 _aSpecifying surface-carbonated precast concrete for general use in the ground
505 0 _aDesign guides for specific precast concrete products
520 _aProvides practical guidance on the specification of concrete for installation in natural ground and in brownfield locations. The procedures given for ground assessment and concrete specification cover the fairly common occurrence of sulfates, sulfides and acids and also the more rarely occurring aggressive carbon dioxide found in some ground and surface waters. This new edition contains: a new ranking of cements with respect to sulfate resistance; the removal of the aggregate carbonate range; a revision of sulfate class limits, and simpler requirements for additional protective measures.
590 _aIKA170106
690 _aBUILT ENVIRONMENT-BUILDING MATERIALS- CEMENTITIOUS, CONCRETE AND MINERAL BOUND MATERIALS-CONCRETE
942 _n0
999 _c104584
_d104584